| 000 | 00675nam a2200229Ia 4500 | ||
|---|---|---|---|
| 003 | OSt | ||
| 005 | 20221007074902.0 | ||
| 006 | a|||||r|||| 00| 0 | ||
| 007 | ta | ||
| 008 | 221006b |||||||| |||| 00| 0 eng d | ||
| 024 | _a12,591 | ||
| 037 | _cTextual | ||
| 040 |
_aFLL _cFLL _beng |
||
| 041 |
_2eng _aeng |
||
| 082 | _aV261:27-28.L8, K2 | ||
| 100 | _aPatra Atul Chandra Au. | ||
| 245 | 0 | _aAdministration of justice under the east-India company in Bengal,Bihar and Orissa | |
| 260 |
_aNew Delhi _bAsia pub. India _c1962 |
||
| 300 |
_a233p _ccm. |
||
| 942 |
_hV261:27-28.L8, K2 _cTEXL _2CC |
||
| 999 |
_c1154036 _d1154036 |
||